<?xml version="1.0" encoding="UTF-8"?><?xml-stylesheet type="text/xsl" href="static/style.xsl"?><OAI-PMH xmlns="http://www.openarchives.org/OAI/2.0/" xmlns:xsi="http://www.w3.org/2001/XMLSchema-instance" xsi:schemaLocation="http://www.openarchives.org/OAI/2.0/ http://www.openarchives.org/OAI/2.0/OAI-PMH.xsd"><responseDate>2026-06-06T00:40:04Z</responseDate><request verb="GetRecord" identifier="oai:riuma.uma.es:10630/6601" metadataPrefix="marc">https://riuma.uma.es/rest/oai/request</request><GetRecord><record><header><identifier>oai:riuma.uma.es:10630/6601</identifier><datestamp>2026-02-03T12:52:47Z</datestamp><setSpec>com_10630_5701</setSpec><setSpec>com_10630_3139</setSpec><setSpec>com_10630_10</setSpec><setSpec>col_10630_6572</setSpec></header><metadata><record xmlns="http://www.loc.gov/MARC21/slim" xmlns:dcterms="http://purl.org/dc/terms/" xmlns:doc="http://www.lyncode.com/xoai" xmlns:xsi="http://www.w3.org/2001/XMLSchema-instance" xsi:schemaLocation="http://www.loc.gov/MARC21/slim http://www.loc.gov/standards/marcxml/schema/MARC21slim.xsd">
   <leader>00925njm 22002777a 4500</leader>
   <datafield ind2=" " ind1=" " tag="042">
      <subfield code="a">dc</subfield>
   </datafield>
   <datafield ind2=" " ind1=" " tag="720">
      <subfield code="a">Ortuño Anaya, Pilar</subfield>
      <subfield code="e">author</subfield>
   </datafield>
   <datafield ind2=" " ind1=" " tag="260">
      <subfield code="c">2008</subfield>
   </datafield>
   <datafield ind2=" " ind1=" " tag="520">
      <subfield code="a">Este artículo trata de ayudar a “reparar” la bibliografía y el concepto de la promoción&#xd;
americana de la democracia mediante un examen de la política exterior de Estados Unidos hacia&#xd;
España durante las Administraciones de Nixon y Ford 1969-76. Se destacan las implicaciones&#xd;
ideológicas de la política de seguridad de Estados Unidos en el contexto multilateral de la guerra&#xd;
fría en Europa. En ambas partes, se trata el tema de la política de seguridad de Estados Unidos&#xd;
y la importancia geoestratégica de las bases españolas, así como la cooperación entre España&#xd;
y la Alianza Atlántica, OTAN. Se analiza el papel que el gobierno norteamericano desempeñó&#xd;
como impulsor de la democracia en España, haciendo referencia al problema de la sucesión,&#xd;
antes y después de la muerte de Franco. Por último, se concluye subrayando que los intereses&#xd;
americanos de seguridad en España no podían lograrse de forma unilateral sin satisfacer a&#xd;
los aliados europeos multilateralmente, los cuales requerían primero la democratización de&#xd;
España.</subfield>
   </datafield>
   <datafield ind2=" " ind1=" " tag="520">
      <subfield code="a">This article attempts to help ‘repair’ the literature and idea of American democracy&#xd;
promotion by examining US foreign policy towards Spain during the Nixon and Ford&#xd;
administrations (1969-1976). It sheds light on the ideological implications of US security&#xd;
policy in the multilateral context of the Cold War in Europe. In the process, this article probes&#xd;
US security policy of each administration by focusing on Spanish-American bases negotiations&#xd;
in the context of the Atlantic alliance or NATO. More importantly, it highlights the role each&#xd;
of the US administrations played in promoting democracy in Spain by tracing the problem&#xd;
of succession before and after General Franco’s death. This article concludes that American&#xd;
security interests in Spain could not be unilaterally served without multilaterally satisfying the&#xd;
European allies that required the democratization of Spain.</subfield>
   </datafield>
   <datafield ind1="8" ind2=" " tag="024">
      <subfield code="a">ORTUÑOS ANAYA, PILAR "La promoción americana de la democracia y España, 1968-1976" Baetica, 30, 2008, 467-486</subfield>
   </datafield>
   <datafield ind1="8" ind2=" " tag="024">
      <subfield code="a">0212-5099</subfield>
   </datafield>
   <datafield ind1="8" ind2=" " tag="024">
      <subfield code="a">http://hdl.handle.net/10630/6601</subfield>
   </datafield>
   <datafield tag="653" ind2=" " ind1=" ">
      <subfield code="a">Democracia - España - S. XX</subfield>
   </datafield>
   <datafield ind2="0" ind1="0" tag="245">
      <subfield code="a">La promoción americana de la democracia y España, 1968-1976</subfield>
   </datafield>
</record>
</metadata></record></GetRecord></OAI-PMH>